All the best, George Bush : (Record no. 13527)
[ view plain ]
| 000 -LEADER | |
|---|---|
| fixed length control field | 01339cam a2200337 a 4500 |
| 001 - CONTROL NUMBER | |
| control field | 13527 |
| 003 - CONTROL NUMBER IDENTIFIER | |
| rucl marc code | BD-RjUL |
| 005 - DATE AND TIME OF LATEST TRANSACTION | |
| control field | 20211208235452.0 |
| 008 - FIXED-LENGTH DATA ELEMENTS--GENERAL INFORMATION | |
| fixed length control field | 140201s2000 nyua i 001 0aeng |
| 020 ## - INTERNATIONAL STANDARD BOOK NUMBER | |
| International Standard Book Number | 068483958X (alk. paper) |
| 035 ## - SYSTEM CONTROL NUMBER | |
| System control number | (DLC) 99040440 |
| -- | (BD-RjUL)13578 |
| 040 ## - CATALOGING SOURCE | |
| Original cataloging agency | DLC |
| Transcribing agency | DLC |
| Modifying agency | DLC |
| -- | BD-RjUL |
| Language of cataloging | eng |
| 041 ## - LANGUAGE CODE | |
| Language code of text/sound track or separate title | eng |
| 082 00 - DEWEY DECIMAL CLASSIFICATION NUMBER | |
| Classification number | 973.928092 |
| Edition number | 21 |
| Author mark and year | BUA 2000 |
| 100 1# - MAIN ENTRY--PERSONAL NAME | |
| Personal name | Bush, George, |
| Dates associated with a name | 1924- |
| 9 (RLIN) | 42226 |
| 245 10 - TITLE STATEMENT | |
| Title | All the best, George Bush : |
| Remainder of title | my life in letters and other writings / |
| Statement of responsibility, etc. | George Bush. |
| 260 ## - PUBLICATION, DISTRIBUTION, ETC. (IMPRINT) | |
| Place of publication, distribution, etc. | New York, NY : |
| Name of publisher, distributor, etc. | Scribner, |
| Date of publication, distribution, etc. | c2000. |
| 300 ## - PHYSICAL DESCRIPTION | |
| Pagination | 640 p. : |
| Illustrations | ill. ; |
| Size | 25 cm. |
| 500 ## - GENERAL NOTE | |
| General note | "George Bush" in the title appears as his signature. |
| General note | "A Lisa Drew book." |
| General note | Includes index. |
| 600 10 - SUBJECT ADDED ENTRY--PERSONAL NAME | |
| Personal name | Bush, George, |
| Dates associated with a name | 1924- |
| 650 #0 - SUBJECT ADDED ENTRY--TOPICAL TERM | |
| Topical term or geographic name as entry element | Presidents |
| Geographic subdivision | United States |
| Form subdivision | Correspondence. |
| 9 (RLIN) | 42228 |
| 856 42 - ELECTRONIC LOCATION AND ACCESS | |
| Materials specified | Contributor biographical information |
| Uniform Resource Identifier | <a href="http://www.loc.gov/catdir/bios/simon051/99040440.html">http://www.loc.gov/catdir/bios/simon051/99040440.html</a> |
| Materials specified | Publisher description |
| Uniform Resource Identifier | <a href="http://www.loc.gov/catdir/description/simon031/99040440.html">http://www.loc.gov/catdir/description/simon031/99040440.html</a> |
| Materials specified | Table of contents only |
| Uniform Resource Identifier | <a href="http://www.loc.gov/catdir/enhancements/fy0631/99040440-t.html">http://www.loc.gov/catdir/enhancements/fy0631/99040440-t.html</a> |
| Materials specified | Sample text |
| Uniform Resource Identifier | <a href="http://www.loc.gov/catdir/enhancements/fy0641/99040440-s.html">http://www.loc.gov/catdir/enhancements/fy0641/99040440-s.html</a> |
| 942 ## - ADDED ENTRY ELEMENTS (KOHA) | |
| Source of classification or shelving scheme | Dewey Decimal Classification |
| Koha item type | Books |
| Lost status | Source of classification or shelving scheme | Damaged status | Not for loan | Permanent Location | Current Location | Shelving location | Date acquired | Source of acquisition | Cost, normal purchase price | Total Checkouts | Full call number | Date last seen | Copy number | Koha item type |
|---|---|---|---|---|---|---|---|---|---|---|---|---|---|---|
| Dewey Decimal Classification | Not For Loan | Central Library, University of Rajshahi | Central Library, University of Rajshahi | Reading Room | 31/10/2013 | American Centre Library, Dhaka | 0.00 | 973.928092 BUA 2000 | 01/02/2014 | C-1 | Books |